000 00482nam a2200181Ia 4500
003 GCL
008 140319s9999 xx 000 0 eng d
040 _aGCL /
_cGCL
082 0 4 _a729
_bK I
100 1 _aKURTISH, JOHN
245 1 0 _aINTERIOR ARCHITECTURE /
_cKURTISH, JOHN
700 1 _aEAKIN, GARRET
260 _a[S.N] :
_bINTERNATIONAL THMSON PUBLISHING ،
_c1992
300 _a485 P
650 0 4 _aINTERIOR ARCHITTECTURE
650 0 4 _aINTERIOR DECORATION
942 _2ddc
_cBK
999 _c25564
_d25564